| 000 | 00584nam a2200217 a 4500 | ||
|---|---|---|---|
| 005 | 20210219153116.0 | ||
| 008 | 991125n 000 0 u | ||
| 035 | _aUPN01000078432 | ||
| 100 | _aWhybra, Julian | ||
| 222 | _aGIFTED EDUCATION INTERNATIONAL | ||
| 245 | _aExceptionally able children : a whole school approach | ||
| 300 | _a86-92 | ||
| 362 | _a8, No. 2, 1992 | ||
| 505 | _aJulio 1993 | ||
| 653 | 0 | _aNECESIDADES EDUCATIVAS | |
| 653 | 0 | _aPOLITICA ESCOLAR | |
| 653 | 0 | _aREGALO | |
| 653 | 0 | _aSISTEMAS DE DISTRIBUCION | |
| 904 |
_aAC _b016243 |
||
| 905 | _aArticulo | ||
| 999 |
_c68686 _d68686 |
||